Estudio comparativo para secciones de hormigon reforzado

Guardat en:
Dades bibliogràfiques
Autor principal: Villalobos Yanarella, Jeni
Format: Llibre
Publicat: [San José , Costa Rica] 1965
Etiquetes: Afegir etiqueta
Sense etiquetes, Sigues el primer a etiquetar aquest registre!

MARC

LEADER 00000nam a2200000Ia 4500
003 007611
005 20221231144325.0
008 140114s1965 cr a m 000 ||s d
040 |c cru CEDI 
090 |a TFG 2528 
100 |a Villalobos Yanarella, Jeni  |9 12609 
245 |a Estudio comparativo para secciones de hormigon reforzado 
260 |c 1965  |a [San José , Costa Rica] 
300 |a 51 hojas algunas plegables :ilustraciones  
500 |a Proyecto de graduación. Universidad de Costa Rica. Facultad de Ingeniería. Escuela de Ingeniería Industrial. 
942 |c TFG 
999 |c 20179  |d 20179